000 01078nam a22002897a 4500
001 5287
003 FISKH
005 20241122153248.0
008 241122b cb ||||| |||| 00| 0 eng d
020 _a9780061231995
040 _aFISKH
_beng
_cFISKH
_dFISKH
050 _aPZ7.C88766
082 _a256
100 _aCrowley, Suzanne
245 _aThe Very Ordered Existence of Merilee Marvelous /
_cby Suzanne Crowley
250 _aFirst Greenwillow paperback edition , 2009
260 _aNew York :
_bHarpersCollins Publishers ;
_c2007.
300 _a380 pages :
_billustrations ;
_c20 cm .
505 _aS
520 _aIn the small town of Jumbo, Texas, thirteen-year-old Merilee, who has Asperger's Syndrome, tries to live a "Very Ordered Existence," but disruptions begin when a boy and his father arrive in town and the youngster makes himself a part of the family.
521 8 _a800
_bLexile
521 8 _aS
_bRaz-Plus
650 _aaspergers syndrone
_vfiction
650 _aemotional problem
_vfiction
942 _2ddc
_cBK
_n0
999 _c5287
_d5287